| 000 | 00602nam a2200241 a 4500 | ||
|---|---|---|---|
| 001 | nice12345678 | ||
| 003 | IN_TiNIC | ||
| 005 | 20260116011541.0 | ||
| 008 | 050524s1995 teha grp 000 0 urd | ||
| 020 |
_a _c100 |
||
| 082 | 0 | 0 |
_a891.51 _bNAF |
| 100 | _aNafisi, Saeed | ||
| 245 |
_aAhwal-O-Ashar-E-Farsi _b Shaikh Bahai |
||
| 260 |
_aTehran _bIqbal Press _c1995 |
||
| 300 | _a208p | ||
| 500 | _aincludes index and biblioraphy | ||
| 505 | 2 | _aHand Written Manuscript | |
| 650 | _aPersian Poetry-Shaikh Bahai | ||
| 700 | 1 | _aNafisi, Saeed | |
| 902 | _bSRS | ||
| 942 | _cBK | ||
| 999 |
_c2549 _d2549 |
||